书目信息 |
| 题名: |
韬略通鉴
|
|
| 作者: | 董书城 著 | |
| 分册: | 国际篇 | |
| 出版信息: | 北京 红旗出版社 2019.01 |
|
| 页数: | 642页 | |
| 开本: | 29cm | |
| 丛书名: | ||
| 单 册: | ||
| 中图分类: | C934 , D5 | |
| 科图分类: | ||
| 主题词: | 谋略--mou lue--研究--中国 , 国家战略--guo jia zhan lue--研究--世界 | |
| 电子资源: | ||
| ISBN: | 978-7-5051-4799-7 | |
| 000 | 00927nam 2200277 450 | |
| 001 | CAL 0120192671111 | |
| 005 | 20230217093113.0 | |
| 010 | @a978-7-5051-4799-7@dCNY158.00 | |
| 100 | @a20190416d2019 em y0chiy0120 ea | |
| 101 | 0 | @achi |
| 102 | @aCN@b110000 | |
| 105 | @ay z 000yy | |
| 106 | @ar | |
| 200 | 1 | @a韬略通鉴@Atao lue tong jian@i国际篇@f董书城著 |
| 210 | @a北京@c红旗出版社@d2019.01 | |
| 215 | @a642页@d29cm | |
| 314 | @a董书城, 毕业于复旦大学经济系。 | |
| 330 | @a本书共分六篇, 内容包括: 外国主要军事思想、无产阶级革命斗争的战略与策略、高科技战争与战略、冷战时期的美苏争霸战略、一超多强的全球战略、人类未来的全球战略。 | |
| 517 | 1 | @a国际篇@Aguo ji pian |
| 606 | 0 | @a谋略@Amou lue@x研究@y中国 |
| 606 | 0 | @a国家战略@Aguo jia zhan lue@x研究@y世界 |
| 690 | @aC934@v5 | |
| 690 | @aD5@v5 | |
| 701 | 0 | @a董书城@Adong shu cheng@4著 |
| 801 | 0 | @aCN@bBJXHZP@c20230228 |
| 905 | @b1385623-6@dC934@e963@f4 | |
| 韬略通鉴.国际篇/董书城著.-北京:红旗出版社,2019.01 |
| 642页;29cm |
| ISBN 978-7-5051-4799-7:CNY158.00 |
| 本书共分六篇, 内容包括: 外国主要军事思想、无产阶级革命斗争的战略与策略、高科技战争与战略、冷战时期的美苏争霸战略、一超多强的全球战略、人类未来的全球战略。 |
| ● |
| 相关链接 |
|
|
|
|
正题名:韬略通鉴
索取号:C934/963
 
预约/预借
| 序号 | 登录号 | 条形码 | 馆藏地/架位号 | 状态 | 备注 |
| 1 | 1385623 | 213856237 | 第一样本阅览室/ [索取号:C934/963] | 在馆 | |
| 2 | 1385624 | 213856246 | 第一借阅区/ [索取号:C934/963] | 在馆 | |
| 3 | 1385625 | 213856255 | 第一借阅区/ [索取号:C934/963] | 在馆 | |
| 4 | 1385626 | 213856264 | 第一借阅区/ [索取号:C934/963] | 在馆 |